[Event "IND-chT 35th"]
[Site "Goa"]
[Date "2015.02.25"]
[Round "8"]
[White "Dongre, Ravindra Malidh"]
[Black "Akshat, Khamparia"]
[Result "0-1"]
[WhiteElo "2103"]
[BlackElo "2415"]
[PlyCount "62"]
[EventDate "2015.02.20"]
[EventType "team-swiss"]
[EventRounds "9"]
[EventCountry "IND"]
[SourceTitle "CBM 165 Extra"]
[Source "ChessBase"]
[SourceDate "2015.04.21"]
[SourceVersion "1"]
[SourceVersionDate "2015.04.21"]
[SourceQuality "1"]
[WhiteTeam "All India CF"]
[BlackTeam "Railway Sports II"]
[WhiteTeamCountry "IND"]
[BlackTeamCountry "IND"]

1. e4 c5 2. Nf3 g6 3. d4 cxd4 4. Nxd4 Bg7 5. f4 Nc6 6. Be3 Nf6 7. Nc3 d6 8. Be2 0-0 9. 0-0 Bd7 10. Kh1 a6 11. Bf3 Na5 12. b3 Rc8 13. Qd2 b5 14. a3 Qc7 15. Nd5 Nxd5 16. exd5 Qc3 17. Rad1 Qxd2 18. Rxd2 Rc3 19. Bg1 Rfc8 20. Be4 Rb8 21. Rf3 Rc7 22. h3 f5 23. Bd3 Rc5 24. Ne2 Rxd5 25. Bc4 Nxc4 26. Rxd5 Nxa3 27. Rd2 Bc6 28. Rf1 b4 29. Bd4 Bh6 30. Bb2 e5 31. Rxd6 Bb5 0-1

[Event "Goodricke op 11th"]
[Site "Kolkata"]
[Date "2000.02.15"]
[Round "10"]
[White "Roktim, Bandyopadhyay"]
[Black "Dongre, Ravindra Malidh"]
[Result "1-0"]
[WhiteElo "2293"]
[BlackElo "2185"]
[PlyCount "47"]
[EventDate "2000.02.05"]
[EventType "swiss"]
[EventRounds "11"]
[EventCountry "IND"]
[SourceTitle "CBM 074 Extra"]
[Source "ChessBase"]
[SourceDate "2000.03.10"]
[SourceVersion "2"]
[SourceVersionDate "2000.03.10"]
[SourceQuality "1"]

1. Nf3 d5 2. b3 c5 3. Bb2 Nc6 4. e3 Bg4 5. Bb5 Nf6 6. h3 Bd7 7. 0-0 a6 8. Bxc6 Bxc6 9. Ne5 Qc7 10. d3 e6 11. Nd2 Bd6 12. Nxc6 bxc6 13. Qe2 e5 14. f4 Qe7 15. f5 h5 16. e4 h4 17. exd5 Nh5 18. Ne4 cxd5 19. Nxd6+ Qxd6 20. Bxe5 Qe7 21. Rae1 Kd7 22. Qf3 Nf6 23. Bxf6 Qxf6 24. Qxd5+ 1-0

[Event "Goodricke op 11th"]
[Site "Kolkata"]
[Date "2000.02.13"]
[Round "8"]
[White "Mishra, Neeraj Kumar"]
[Black "Dongre, Ravindra Malidh"]
[Result "1/2-1/2"]
[WhiteElo "2316"]
[BlackElo "2185"]
[PlyCount "90"]
[EventDate "2000.02.05"]
[EventType "swiss"]
[EventRounds "11"]
[EventCountry "IND"]
[SourceTitle "CBM 074 Extra"]
[Source "ChessBase"]
[SourceDate "2000.03.10"]
[SourceVersion "2"]
[SourceVersionDate "2000.03.10"]
[SourceQuality "1"]

1. Nf3 d5 2. g3 c5 3. Bg2 Nc6 4. d4 e6 5. 0-0 Nf6 6. c4 Be7 7. cxd5 exd5 8. dxc5 Bxc5 9. Qc2 Bb6 10. a3 0-0 11. b4 Be6 12. Bb2 Rc8 13. Qd3 Ne4 14. Nbd2 f5 15. Nb3 f4 16. Nbd4 Bg4 17. Rac1 fxg3 18. hxg3 a6 19. Nxc6 bxc6 20. Bd4 a5 21. Qe3 Bxd4 22. Nxd4 c5 23. bxc5 Nxc5 24. Qe5 Kh8 25. Rfd1 Re8 26. Qxd5 Qxd5 27. Bxd5 g6 28. Bc6 Bxe2 29. Rd2 Nd3 30. Nxe2 Nxc1 31. Bxe8 Rxe8 32. Nxc1 Re1+ 33. Kg2 Rxc1 34. Rd5 a4 35. Rd4 Ra1 36. Rxa4 Kg7 37. f4 h5 38. Ra6 Rc1 39. Rb6 Rc3 40. a4 h4 41. gxh4 Rc4 42. a5 Rxf4 43. Kg3 Ra4 44. a6 Kh6 45. Rd6 Kh5 1/2-1/2

[Event "Goodricke op 11th"]
[Site "Kolkata"]
[Date "2000.02.08"]
[Round "3"]
[White "Chatterjee, Laltu"]
[Black "Dongre, Ravindra Malidh"]
[Result "0-1"]
[WhiteElo "2257"]
[BlackElo "2185"]
[PlyCount "122"]
[EventDate "2000.02.05"]
[EventType "swiss"]
[EventRounds "11"]
[EventCountry "IND"]
[SourceTitle "CBM 074 Extra"]
[Source "ChessBase"]
[SourceDate "2000.03.10"]
[SourceVersion "2"]
[SourceVersionDate "2000.03.10"]
[SourceQuality "1"]

1. b3 d5 2. Bb2 c5 3. g3 Nc6 4. Bg2 e5 5. d3 Nf6 6. Nd2 Be7 7. Ngf3 Qc7 8. 0-0 0-0 9. e4 Rd8 10. exd5 Nxd5 11. Qe2 f6 12. h3 Be6 13. Kh2 Bf7 14. Nc4 Nd4 15. Qd2 Bh5 16. Ng1 Rac8 17. Ne3 Nxe3 18. fxe3 Ne6 19. Ne2 c4 20. Nc3 Bb4 21. bxc4 Qxc4 22. Qf2 Qc5 23. Ne4 Qxc2 24. Nxf6+ gxf6 25. Qxf6 Ng7 26. Qxe5 Bc3 27. Bxc3 Rxc3 28. d4 Qd2 29. Kg1 Rc2 30. Bd5+ Kh8 31. g4 Re8 32. gxh5 h6 33. Rf7 Rc1+ 34. Rxc1 Qxc1+ 35. Rf1 Rxe5 36. Rxc1 Rxd5 37. Rc8+ Kh7 38. Rc7 Rxh5 39. Kg2 Rb5 40. a4 Rb3 41. e4 Kg6 42. d5 Kf6 43. a5 Nh5 44. h4 Nf4+ 45. Kf2 h5 46. Rh7 a6 47. Rh8 Ke5 48. Re8+ Kd6 49. Rf8 Nd3+ 50. Ke3 Ne5+ 51. Ke2 Rh3 52. Rf6+ Kd7 53. Rf5 Nc4 54. Rf7+ Kc8 55. Rf8+ Kc7 56. Rf7+ Kb8 57. Rf8+ Ka7 58. Re8 Rxh4 59. Kd3 Nd6 60. Re6 Nxe4 61. Rxe4 Rxe4 0-1

[Event "Goodricke op 11th"]
[Site "Kolkata"]
[Date "2000.02.07"]
[Round "2"]
[White "Dongre, Ravindra Malidh"]
[Black "Babu, N Sudhakar"]
[Result "1/2-1/2"]
[WhiteElo "2185"]
[BlackElo "2336"]
[PlyCount "52"]
[EventDate "2000.02.05"]
[EventType "swiss"]
[EventRounds "11"]
[EventCountry "IND"]
[SourceTitle "CBM 074 Extra"]
[Source "ChessBase"]
[SourceDate "2000.03.10"]
[SourceVersion "2"]
[SourceVersionDate "2000.03.10"]
[SourceQuality "1"]

1. e4 e5 2. Nc3 Nf6 3. f4 d5 4. fxe5 Nxe4 5. Nf3 Nc6 6. Bb5 Be7 7. 0-0 0-0 8. Bxc6 bxc6 9. Qe1 Nxc3 10. bxc3 f5 11. Nd4 Qe8 12. d3 Rb8 13. Qg3 Kh8 14. e6 Bc5 15. Bf4 Qxe6 16. Kh1 Qg6 17. Qxg6 hxg6 18. Nxc6 Rb2 19. Ne5 Kh7 20. Rf3 Re8 21. d4 Bd6 22. Rf2 Ba6 23. h3 g5 24. Bc1 Rb6 25. Bxg5 Bxe5 26. dxe5 Rbe6 1/2-1/2

[Event "Goodricke op 11th"]
[Site "Kolkata"]
[Date "2000.02.06"]
[Round "1"]
[White "Shetty, Rahul"]
[Black "Dongre, Ravindra Malidh"]
[Result "1-0"]
[WhiteElo "2307"]
[BlackElo "2185"]
[PlyCount "37"]
[EventDate "2000.02.05"]
[EventType "swiss"]
[EventRounds "11"]
[EventCountry "IND"]
[SourceTitle "CBM 074 Extra"]
[Source "ChessBase"]
[SourceDate "2000.03.10"]
[SourceVersion "2"]
[SourceVersionDate "2000.03.10"]
[SourceQuality "1"]

1. d4 d5 2. c4 dxc4 3. Nf3 Nf6 4. e3 e6 5. Bxc4 c5 6. 0-0 a6 7. Bb3 b5 8. a4 b4 9. Nbd2 a5 10. e4 cxd4 11. e5 Nd5 12. Nc4 Be7 13. Qxd4 Bb7 14. Qg4 Kf8 15. Bg5 h6 16. Bxe7+ Qxe7 17. Nd6 Nc6 18. Bxd5 exd5 19. Nf5 1-0

[Event "Goodricke op 10th"]
[Site "Kolkata"]
[Date "1999.02.12"]
[Round "7"]
[White "Dongre, Ravindra Malidh"]
[Black "Meera, Sai Ravi"]
[Result "1/2-1/2"]
[WhiteElo "2245"]
[BlackElo "2110"]
[PlyCount "138"]
[EventDate "1999.02.06"]
[EventType "swiss"]
[EventRounds "11"]
[EventCountry "IND"]
[SourceTitle "CBM 069 Extra"]
[Source "ChessBase"]
[SourceDate "1999.05.10"]
[SourceVersion "1"]
[SourceVersionDate "1999.05.10"]
[SourceQuality "1"]

1. e4 c5 2. d4 cxd4 3. c3 Nf6 4. e5 Nd5 5. Nf3 Nc6 6. Bc4 Nb6 7. Bb3 d6 8. exd6 Qxd6 9. cxd4 Be6 10. Nc3 Rd8 11. Be3 Bxb3 12. axb3 e6 13. 0-0 Be7 14. Nb5 Qb8 15. Qc1 Nd5 16. Bg5 0-0 17. Bxe7 Ndxe7 18. Rd1 a6 19. Nc3 Rd7 20. Ne4 Rfd8 21. Qg5 Ng6 22. Qe3 Rd5 23. Nc3 R5d7 24. h4 Nge7 25. Qg5 h6 26. Qc5 Qf4 27. Ne2 Qg4 28. Ra4 Rd5 29. Qc1 Nf5 30. Nf4 Nxh4 31. Nxh4 Qxh4 32. Nxd5 Rxd5 33. Qe3 Rh5 34. Qh3 Qxh3 35. gxh3 Rxh3 36. Ra3 Nb4 37. Kg2 Rh5 38. Rc1 Rb5 39. Rc5 Rb6 40. Rc4 Nd5 41. Kf3 Kf8 42. b4 Nxb4 43. Rb3 a5 44. Rc8+ Ke7 45. Ra8 Rb5 46. Ke4 f5+ 47. Kf3 b6 48. Ra7+ Kf6 49. Rc3 Nd5 50. Rc8 Rb3+ 51. Kg2 Nf4+ 52. Kh2 Rxb2 53. Rf8+ Kg6 54. Rg8 Nh5 55. Kg1 Kg5 56. Re8 Rb1+ 57. Kh2 Kf6 58. Rf8+ Kg5 59. Re8 Rd1 60. Rxe6 Rxd4 61. Rxb6 Rd2 62. Kg1 g6 63. Rxa5 Nf4 64. Ra3 Kg4 65. Rg3+ Kh4 66. Rf3 Rd4 67. Kh2 h5 68. Rfb3 Rd2 69. Rb2 Rxb2 1/2-1/2

[Event "Goodricke op 10th"]
[Site "Kolkata"]
[Date "1999.02.11"]
[Round "6"]
[White "Mohota, Nisha"]
[Black "Dongre, Ravindra Malidh"]
[Result "1-0"]
[WhiteElo "2155"]
[BlackElo "2245"]
[PlyCount "59"]
[EventDate "1999.02.06"]
[EventType "swiss"]
[EventRounds "11"]
[EventCountry "IND"]
[SourceTitle "CBM 069 Extra"]
[Source "ChessBase"]
[SourceDate "1999.05.10"]
[SourceVersion "1"]
[SourceVersionDate "1999.05.10"]
[SourceQuality "1"]

1. d4 d5 2. c4 e6 3. Nc3 c5 4. cxd5 exd5 5. Nf3 Nc6 6. g3 Nf6 7. Bg2 Be7 8. 0-0 0-0 9. Bg5 cxd4 10. Nxd4 h6 11. Be3 Re8 12. Rc1 Bf8 13. Nxc6 bxc6 14. Na4 Bd7 15. Nc5 Qc8 16. Nxd7 Qxd7 17. Qa4 Rac8 18. Rc2 Rc7 19. Rfc1 Rb8 20. Bf4 Rb4 21. Qa6 Rb6 22. Qd3 Rcb7 23. Be5 Qe6 24. Bd4 c5 25. Bxc5 Rxb2 26. Rxb2 Rxb2 27. Bxf8 Rxe2 28. Bb4 Ng4 29. Bxd5 Nxf2 30. Bxe6 1-0

[Event "Goodricke op 10th"]
[Site "Kolkata"]
[Date "1999.02.09"]
[Round "4"]
[White "Ganguly, Surya Shekhar"]
[Black "Dongre, Ravindra Malidh"]
[Result "0-1"]
[WhiteElo "2340"]
[BlackElo "2245"]
[PlyCount "66"]
[EventDate "1999.02.06"]
[EventType "swiss"]
[EventRounds "11"]
[EventCountry "IND"]
[SourceTitle "CBM 069 Extra"]
[Source "ChessBase"]
[SourceDate "1999.05.10"]
[SourceVersion "1"]
[SourceVersionDate "1999.05.10"]
[SourceQuality "1"]

1. e4 c6 2. d4 d5 3. Nc3 dxe4 4. Nxe4 Nd7 5. Bc4 Ngf6 6. Ng5 e6 7. Ne2 Nb6 8. Bd3 h6 9. Ne4 Nxe4 10. Bxe4 Bd6 11. f4 Nd5 12. c3 c5 13. 0-0 0-0 14. Kh1 Qe7 15. Bc2 Nf6 16. Qd3 b6 17. Ng3 Bb7 18. Be3 Rfd8 19. Rae1 Qc7 20. Qe2 Qc6 21. Rf2 g6 22. Ref1 h5 23. f5 Bxg3 24. hxg3 exf5 25. Bxf5 gxf5 26. Rxf5 Ng4 27. Bc1 Re8 28. Qd2 Ne3 29. d5 Qg6 30. Rf6 Qxg3 31. R6f3 Qh4+ 32. Kg1 Nxf1 33. Rxf1 Rad8 0-1

[Event "Commonwealth-ch"]
[Site "India"]
[Date "1999.??.??"]
[Round "?"]
[White "Dongre, Ravindra Malidh"]
[Black "Utarid, JM."]
[Result "1/2-1/2"]
[WhiteElo "2245"]
[BlackElo "2126"]
[PlyCount "52"]
[EventDate "1999.??.??"]
[EventType "swiss"]
[EventRounds "10"]
[EventCountry "IND"]
[SourceTitle "EXT 2002"]
[Source "ChessBase"]
[SourceDate "2001.11.25"]
[SourceVersion "1"]
[SourceVersionDate "2001.11.25"]
[SourceQuality "1"]

1. e4 c5 2. d4 cxd4 3. c3 Nf6 4. e5 Nd5 5. Qxd4 e6 6. Nf3 Nc6 7. Qe4 d6 8. c4 Ndb4 9. a3 d5 10. Qe2 Qa5 11. Nc3 d4 12. Rb1 dxc3 13. axb4 Bxb4 14. bxc3 Bxc3+ 15. Bd2 Bxd2+ 16. Qxd2 Qxd2+ 17. Kxd2 b6 18. Bd3 Ba6 19. Ra1 Na5 20. Kc3 Rc8 21. Nd2 Ke7 22. Ne4 Bxc4 23. Nd6 Rc7 24. Bxc4 Nxc4 25. Nb5 Rhc8 26. Nxc7 Rxc7 1/2-1/2

[Event "Linares Anibal op 05th"]
[Site "Linares"]
[Date "1998.01.22"]
[Round "3"]
[White "Maharramzade, Javad"]
[Black "Dongre, Ravindra Malidh"]
[Result "1-0"]
[WhiteElo "2430"]
[BlackElo "2220"]
[PlyCount "51"]
[EventDate "1998.01.20"]
[EventType "swiss"]
[EventRounds "10"]
[EventCountry "ESP"]
[SourceTitle "CBM 062 Extra"]
[Source "ChessBase"]
[SourceDate "1998.03.09"]
[SourceVersion "1"]
[SourceVersionDate "1998.03.09"]
[SourceQuality "1"]

1. d4 d5 2. Nf3 Nf6 3. c4 e6 4. g3 c5 5. Bg2 Nc6 6. 0-0 Be7 7. cxd5 exd5 8. Nc3 0-0 9. Bg5 cxd4 10. Nxd4 h6 11. Be3 Bg4 12. h3 Bd7 13. Kh2 Be6 14. Qa4 Rc8 15. Rad1 Na5 16. Nxe6 fxe6 17. Qc2 Nc4 18. Bxh6 gxh6 19. Qg6+ Kh8 20. Qxh6+ Nh7 21. Qxe6 Rf6 22. Qg4 Nxb2 23. Rxd5 Qe8 24. Qd4 Kg8 25. Re5 Qd8 26. Nd5 1-0

[Event "Goodricke op 08th"]
[Site "Kolkata"]
[Date "1997.??.??"]
[Round "7"]
[White "Dongre, Ravindra Malidh"]
[Black "Graf, Rena"]
[Result "1-0"]
[WhiteElo "2205"]
[BlackElo "2220"]
[PlyCount "71"]
[EventDate "1997.02.??"]
[EventType "swiss"]
[EventRounds "11"]
[EventCountry "IND"]
[SourceTitle "CBM 056 Extra"]
[Source "ChessBase"]
[SourceDate "1997.03.01"]
[SourceVersion "1"]
[SourceVersionDate "1997.03.01"]
[SourceQuality "1"]

1. e4 e6 2. d4 d5 3. Nd2 c5 4. exd5 Qxd5 5. Ngf3 cxd4 6. Bc4 Qd6 7. 0-0 Nf6 8. Nb3 Nc6 9. Nbxd4 Nxd4 10. Nxd4 Bd7 11. Nb5 Qc5 12. Qe2 Rc8 13. b3 Nd5 14. Ba3 Qb6 15. Bxf8 Kxf8 16. a4 Bc6 17. Qe5 h5 18. Rfe1 Rh6 19. Qd6+ Kg8 20. a5 Qa6 21. Nc7 Qxc4 22. bxc4 Nxc7 23. Red1 a6 24. Qe7 Ne8 25. Rd7 Rg6 26. Qxf7+ Kh7 27. f3 Nf6 28. Rxb7 Bxf3 29. Qxg6+ Kxg6 30. gxf3 Rxc4 31. Rb6 Rxc2 32. Rxa6 Nd5 33. Rxe6+ Kf5 34. Rae1 Nc7 35. R6e2 Rc3 36. Ra2 1-0

[Event "Goodricke op 08th"]
[Site "Kolkata"]
[Date "1997.??.??"]
[Round "5"]
[White "Dongre, Ravindra Malidh"]
[Black "Sahu, Sekhar Chandra"]
[Result "0-1"]
[WhiteElo "2205"]
[BlackElo "2320"]
[PlyCount "86"]
[EventDate "1997.02.??"]
[EventType "swiss"]
[EventRounds "11"]
[EventCountry "IND"]
[SourceTitle "CBM 056 Extra"]
[Source "ChessBase"]
[SourceDate "1997.03.01"]
[SourceVersion "1"]
[SourceVersionDate "1997.03.01"]
[SourceQuality "1"]

1. e4 d6 2. d4 g6 3. Nc3 Bg7 4. f4 c6 5. Nf3 Bg4 6. Be2 Nd7 7. 0-0 Qb6 8. Be3 Qxb2 9. Qd2 Qb6 10. Rab1 Qc7 11. e5 Nb6 12. h3 Bxf3 13. Rxf3 Rd8 14. Qe1 Nh6 15. g4 f5 16. Qh4 0-0 17. Bd3 e6 18. Ne2 d5 19. Bd2 Nc4 20. Bxc4 dxc4 21. Bb4 Rfe8 22. Bd6 Qc8 23. Kh2 Rd7 24. Rg1 Qd8 25. Qf2 Bf8 26. Bxf8 Rxf8 27. c3 Rd5 28. g5 Nf7 29. h4 Rb5 30. Ng3 Qb6 31. Rg2 Rd8 32. h5 c5 33. Ne2 Rb2 34. Rh3 Nh8 35. Qf3 Qc6 36. Qxc6 bxc6 37. a4 gxh5 38. Rxh5 Ng6 39. Kg3 cxd4 40. cxd4 Rdb8 41. Rh1 R8b3+ 42. Kh2 Nh4 43. Rf2 Re3 0-1

[Event "Goodricke op 08th"]
[Site "Kolkata"]
[Date "1997.??.??"]
[Round "8"]
[White "Kunte, Abhijit"]
[Black "Dongre, Ravindra Malidh"]
[Result "1/2-1/2"]
[WhiteElo "2315"]
[BlackElo "2205"]
[PlyCount "111"]
[EventDate "1997.02.??"]
[EventType "swiss"]
[EventRounds "11"]
[EventCountry "IND"]
[SourceTitle "CBM 056 Extra"]
[Source "ChessBase"]
[SourceDate "1997.03.01"]
[SourceVersion "1"]
[SourceVersionDate "1997.03.01"]
[SourceQuality "1"]

1. Nf3 d5 2. g3 c5 3. Bg2 Nc6 4. 0-0 Nf6 5. d3 g6 6. Nbd2 Bg7 7. e4 dxe4 8. Nxe4 Nxe4 9. dxe4 Qxd1 10. Rxd1 Bg4 11. Rf1 Nb4 12. c3 Nd3 13. h3 Be6 14. Be3 b6 15. Rfb1 0-0 16. Ne1 Ne5 17. b3 c4 18. Bd4 cxb3 19. axb3 Nc6 20. Bxg7 Kxg7 21. Nd3 Rad8 22. Nf4 Bc8 23. b4 Rd7 24. c4 Ne5 25. c5 e6 26. Rc1 Rc7 27. Ne2 Nd3 28. Rc3 Nxb4 29. cxb6 Re7 30. Rxa7 Rb7 31. Rxb7 Bxb7 32. Nd4 Rb8 33. Rc4 Na6 34. Nb5 Ba8 35. Nc7 Nxc7 36. bxc7 Rc8 37. e5 Bxg2 38. Kxg2 Kf8 39. h4 Ke7 40. h5 Kd7 41. h6 Rxc7 42. Rxc7+ Kxc7 43. Kf3 Kd7 44. Ke4 Ke7 45. Kd4 Kd7 46. Kc5 Kc7 47. Kd4 Kd7 48. Ke4 Ke7 49. Kf4 f5 50. Ke3 Kd7 51. Kd4 Kc6 52. Kc4 Kb6 53. Kb4 Kc6 54. Kc4 g5 55. f3 Kb6 56. Kb4 1/2-1/2

[Event "Goodricke op 08th"]
[Site "Kolkata"]
[Date "1997.??.??"]
[Round "4"]
[White "Mari Arul, S."]
[Black "Dongre, Ravindra Malidh"]
[Result "1/2-1/2"]
[WhiteElo "2335"]
[BlackElo "2205"]
[PlyCount "53"]
[EventDate "1997.02.??"]
[EventType "swiss"]
[EventRounds "11"]
[EventCountry "IND"]
[SourceTitle "CBM 056 Extra"]
[Source "ChessBase"]
[SourceDate "1997.03.01"]
[SourceVersion "1"]
[SourceVersionDate "1997.03.01"]
[SourceQuality "1"]

1. e4 Nf6 2. e5 Nd5 3. d4 d6 4. c4 Nb6 5. exd6 cxd6 6. Nc3 g6 7. Be3 Bg7 8. Rc1 Nc6 9. b3 0-0 10. d5 Ne5 11. Be2 f5 12. f4 Ng4 13. Bxg4 fxg4 14. Nge2 e6 15. dxe6 Bxe6 16. 0-0 Qe7 17. Qd2 Rad8 18. Rce1 d5 19. c5 Nd7 20. f5 Bxf5 21. Nxd5 Qf7 22. Ng3 Nf6 23. Nxf6+ Qxf6 24. Ne4 Qc6 25. Nd6 Be6 26. Rd1 Be5 27. b4 1/2-1/2

[Event "Linares Anibal op 03rd"]
[Site "Linares"]
[Date "1996.??.??"]
[Round "?"]
[White "Dongre, Ravindra Malidh"]
[Black "Martin Gonzalez, Angel"]
[Result "0-1"]
[WhiteElo "2145"]
[BlackElo "2455"]
[PlyCount "70"]
[EventDate "1996.01.??"]
[EventType "swiss"]
[EventRounds "10"]
[EventCountry "ESP"]
[SourceTitle "CBM 051 Extra"]
[Source "ChessBase"]
[SourceDate "1996.05.01"]
[SourceVersion "1"]
[SourceVersionDate "1996.05.01"]
[SourceQuality "1"]

1. e4 c5 2. d4 cxd4 3. c3 Nf6 4. e5 Nd5 5. cxd4 d6 6. Nf3 e6 7. Bc4 Nc6 8. 0-0 Be7 9. Qe2 0-0 10. Nc3 Nxc3 11. bxc3 dxe5 12. dxe5 b6 13. Nd2 Qc7 14. f4 Na5 15. Bd3 Bb7 16. Ne4 Rfd8 17. Bb2 Rac8 18. Rae1 Bd5 19. f5 exf5 20. Rxf5 Be6 21. Nf6+ Bxf6 22. Rxf6 gxf6 23. exf6 Qc5+ 24. Kh1 Bf5 25. Ba3 Qxa3 26. Bxf5 Qf8 27. Qh5 h6 28. Re3 Rc5 29. Rg3+ Kh8 30. Rg7 Rd1+ 31. Qxd1 Rxf5 32. Qd3 Qe8 33. g3 Qc6+ 34. Kg1 Qc5+ 35. Kg2 Rf2+ 0-1

[Event "Ubeda op 1st"]
[Site "Ubeda"]
[Date "1996.??.??"]
[Round "?"]
[White "Martinovsky, Eugene Simeon"]
[Black "Dongre, Ravindra Malidh"]
[Result "0-1"]
[WhiteElo "2285"]
[BlackElo "2145"]
[PlyCount "48"]
[EventDate "1996.01.??"]
[EventType "swiss"]
[EventRounds "10"]
[EventCountry "ESP"]
[SourceTitle "CBM 051 Extra"]
[Source "ChessBase"]
[SourceDate "1996.05.01"]
[SourceVersion "1"]
[SourceVersionDate "1996.05.01"]
[SourceQuality "1"]

1. d4 Nf6 2. c4 g6 3. Nc3 d5 4. Nf3 Bg7 5. g3 0-0 6. cxd5 Nxd5 7. Bg2 c5 8. e3 Nc6 9. 0-0 cxd4 10. Nxd5 Qxd5 11. Nxd4 Qc5 12. Nxc6 bxc6 13. Qa4 Rb8 14. Rb1 Be6 15. b3 Qc2 16. Be4 Qe2 17. Qa5 Rfd8 18. Re1 Rd1 19. Rxd1 Qxd1+ 20. Kg2 Rb5 21. Qd2 Bh3+ 22. Kxh3 Qf1+ 23. Kh4 g5+ 24. Kg4 h5+ 0-1

[Event "Kolkata op2"]
[Site "Kolkata"]
[Date "1994.??.??"]
[Round "?"]
[White "Dongre, Ravindra Malidh"]
[Black "Koshy, Varugeese"]
[Result "0-1"]
[WhiteElo "2225"]
[BlackElo "2415"]
[PlyCount "82"]
[EventDate "1994.??.??"]
[EventType "swiss"]
[EventRounds "11"]
[EventCountry "IND"]
[SourceTitle "EXT 1997"]
[Source "ChessBase"]
[SourceDate "1996.11.15"]
[SourceVersion "1"]
[SourceVersionDate "1996.11.15"]
[SourceQuality "1"]

1. e4 d6 2. d4 Nf6 3. Nc3 e5 4. Bc4 Be7 5. Nf3 0-0 6. 0-0 Nbd7 7. Qe2 c6 8. Bg5 h6 9. Be3 b5 10. Bd3 a6 11. b4 Bb7 12. Qd2 Ng4 13. Ne2 c5 14. bxc5 dxc5 15. dxc5 f5 16. Qb4 Nxe3 17. fxe3 Bxc5 18. Qb3+ Kh8 19. Ng3 Bxe3+ 20. Kh1 f4 21. Nf5 Rxf5 22. exf5 e4 23. Bxe4 Bxe4 24. Rad1 Bxf5 25. Qf7 Qf6 26. Rxd7 Bxd7 27. Qxd7 Rd8 28. Qc7 Qd6 29. Qf7 Qd1 30. Re1 Qxc2 31. Qe7 Qd1 32. h3 Qd7 33. Qe4 Qd5 34. Qg6 Qd6 35. Qf7 Qd5 36. Qg6 Rd6 37. Qe8+ Qg8 38. Qh5 Qe6 39. Ng5 Qg6 40. Nf7+ Kh7 41. Qe5 Rd2 0-1

[Event "Goodricke op 04th"]
[Site "Kolkata"]
[Date "1993.??.??"]
[Round "4"]
[White "Hegde, Ravi Gopal"]
[Black "Dongre, Ravindra Malidh"]
[Result "1/2-1/2"]
[WhiteElo "2355"]
[BlackElo "2200"]
[PlyCount "77"]
[EventDate "1993.02.??"]
[EventType "swiss"]
[EventRounds "11"]
[EventCountry "IND"]
[SourceTitle "EXT 1998"]
[Source "ChessBase"]
[SourceDate "1997.11.17"]
[SourceVersion "1"]
[SourceVersionDate "1997.11.17"]
[SourceQuality "1"]

1. Nf3 d5 2. c4 e6 3. g3 c5 4. Bg2 Nc6 5. 0-0 Nf6 6. Na3 Be7 7. d3 0-0 8. Bf4 a6 9. Rc1 Re8 10. b3 Bf8 11. Nc2 h6 12. Bd2 e5 13. cxd5 Nxd5 14. Ne3 Be6 15. Nc4 Qc7 16. a3 Rad8 17. b4 b5 18. Nb2 cxb4 19. axb4 Bxb4 20. Qc2 Rc8 21. e4 Bxd2 22. Qxd2 Nb6 23. Qe3 Qb7 24. Rc5 Nd7 25. Rc2 Qb6 26. Rfc1 Qxe3 27. fxe3 Ne7 28. d4 Bb3 29. Rc7 exd4 30. exd4 Nb6 31. Nd2 Nc4 32. Rxc8 Rxc8 33. Bh3 Rc6 34. d5 Rd6 35. Ndxc4 bxc4 36. Nxc4 Bxc4 37. Rxc4 f5 38. Rc7 Kf8 39. exf5 1/2-1/2